|
|
|
|
| LEADER |
00790nam a22002177a 4500 |
| 001 |
AAL1060 |
| 003 |
BD-DhAAL |
| 005 |
20160121190311.0 |
| 008 |
160121s 2000ii ||||| |||| 00| 0 eng d |
| 020 |
|
|
|a 8172450559
|
| 082 |
|
|
|a 808.5/1
|
| 100 |
|
|
|a Whiteman, W A
|9 17502
|
| 245 |
|
|
|a Perfect public speaking /
|c W A Whiteman
|
| 260 |
|
|
|a New Delhi :
|b Goodwill Publishing House,
|c 2000.
|
| 300 |
|
|
|a 147 p. ;
|c 21 cm.
|
| 541 |
|
|
|e 1060
|
| 650 |
|
|
|a Public speaking.
|9 17503
|
| 650 |
|
|
|a Oral communication
|9 17504
|
| 942 |
|
|
|2 ddc
|c BK
|
| 999 |
|
|
|c 36660
|d 36660
|
| 952 |
|
|
|0 0
|1 0
|2 ddc
|4 0
|6 808_500000000000000_1_WHI
|7 0
|9 57667
|a SCL
|b SCL
|c GEN
|d 2016-01-21
|g 53.00
|l 11
|m 58
|o 808.51 WHI
|p 3020001060
|r 2020-03-08
|s 2020-01-16
|t 1
|w 2016-01-21
|y BK
|x 'The mentioned price is BDT conversion, actual price was RS45'
|